So la lune - Statistiques

Statistiques générales
  • Ce quiz a été pris 178 fois
  • Le résultat moyen est 45 sur 117
Statistiques - réponses
Hint Réponse % Correct
Orbite Rodé
77%
2ème faille (Silfra) Eternelle
64%
8ruki Lune
64%
3ème Faille (San Andreas) CM2
63%
Fissure de vie Eternelle 2
63%
L'enfant de la pluie Perte de temps
63%
2ème faille (Silfra) Tsukithèse
63%
L'enfant de la pluie OP
61%
L'enfant de la pluie Opening
61%
Elh Kmer Celine
60%
Fissure de vie Interlune
56%
Single Billy
53%
Fissure de vie Fin heureuse
53%
Fissure de vie Guérison
53%
L'enfant de la pluie Triste temps
53%
Fissure de vie Outrône
52%
L'enfant de la pluie Au BPM
51%
Orbite Bonhomme de neige
51%
3ème Faille (San Andreas) Pacifique
51%
L'enfant de la pluie Suspects
51%
Fissure de vie Dona
50%
Fissure de vie Nouveaux pirates
50%
Wilma Numéro 11
50%
L'enfant de la pluie Sali
50%
Fissure de vie Soleil mourant
50%
L'enfant de la pluie 99 avenue
49%
Single | Théia Lune city
49%
2ème faille (Silfra) Copine
48%
L'enfant de la pluie Bip bip
47%
Single Fissure de vie 23
47%
Fissure de vie Medellin
47%
L'enfant de la pluie Remontada
47%
Fissure de vie En bas
46%
Winnterzuuko La ruche
46%
Fissure de vie Nicki
45%
Fissure de vie Range Ro
45%
Fissure de vie 2 i
44%
Fissure de vie Déconnecté
43%
L'enfant de la pluie Les toits de la ville
43%
Fissure de vie Péché
43%
L'enfant de la pluie Sales images
43%
1ère Faille (L'Afar) Afar
42%
L'enfant de la pluie Bloqué
42%
Apollo 11 Keh lanta
42%
L'enfant de la pluie L'Allemande
42%
Kenna L'averse
42%
YUNG POOR ALO Le nom du film
42%
Tsuki Balade
41%
L'enfant de la pluie Un jour d'été
41%
Kenna Un peu de moi
41%
Kenna Gepetto
40%
3ème Faille (San Andreas) Gina
40%
Wilma La pierre
40%
Théia Seven Up
40%
PUSH & GIO Solide
40%
L'enfant de la pluie 10 Hummers
39%
Wilma Arkham
39%
3ème Faille (San Andreas) Santé
39%
Satellite naturel Sorcier
39%
Raplume Titanic
39%
Ghost Killer Track Smile:(
38%
1ère Faille (L'Afar) Biberon
37%
Satellite naturel Diagnostic
37%
Fissure de vie Vide
37%
Wilma Océan
36%
Amine Farsi | Nomades Retour de Flamme
36%
Apollo 11 Au bélier
35%
L'enfant de la pluie Le dernier maître de l'eau
35%
27/05/22 Sébastien & Kader
35%
27/05/22 Elvira
34%
3ème Faille (San Andreas) Kitsu
34%
Wilma L'âme
34%
Apollo 11 Maitre nageur
34%
Tsuki Shinobi
33%
L'enfant de la pluie Interlude : Froide l'averse
32%
Rvzmo Kiri village
32%
Nomades Pandémie
32%
Kenna Vie d'avant
32%
1ère Faille (L'Afar) Promesse
31%
Tsuki La bête
30%
Kenna Si ça compte
30%
Single SOS
30%
27/05/22 Dernier remord
29%
Orbite Goût Vanille
29%
2ème faille (Silfra) Rob Lucci
29%
1ère Faille (L'Afar) Montana
28%
Tsuki Seigneur
28%
Nomades Le Film
27%
Satellite naturel Malade
27%
1ère Faille (L'Afar) Outro miroir
27%
Apollo 11 Tsukito
26%
Cheu-B TsuSky
26%
Satellite naturel Bonheur
25%
Tsuki Raptus
25%
Théia Coup d'éclat
23%
Orbite Mission
23%
Apollo 11 Séquelles
23%
Tsuki Oulalala
22%
Théia Podium
22%
Nomades Sourire Fantôme
22%
Tsuki 6 sens
21%
Tsuki Alicante
21%
Orbite Saga tome 1
21%
Nomades Sérum
21%
2ème faille (Silfra) Sortilège
21%
Satellite naturel CLM
20%
Tsuki Envieux
20%
Tsuki Deux vies
19%
Théia l8
18%
Tsuki Quotidien
18%
MEGA Berger
17%
Binks Beatz Sous le ciel
17%
Single Freestyle 2ème faille
13%
Bakari BakaTsuky
7%
Single 12TSUKI8NICHI
5%
Aucun quiz correspondant
Distribution des résultats
% des personnes avec chaque résultat
Percentile par nombre de réponses
Votre historique - résultats
Vous n’avez pas pris ce quiz